01626nab a2200421 i 450000100060000000300020000600500170000800600190002500700150004400800410005902200140010003500210011404000310013505000210016608000070018708200120019410000190020624501240022526400830034930000250043231000140045733600310047133700330050233800430053536200510057854600470062958801270067659001640080365000350096765000160100265000210101865500320103977300240107179700190109585600620111494200110117699900170118776333020241217151303.0m o d | cr cnu||||||||140130c20119999ag fr p o 0 b0spa d a0329-3807 a(OCoLC)949107604 aFINmELBbspaerdacFINmELB 4aBC177bW277 2011 a160 a1602231 aWarley, Jorge.13aEl hacer argumentativo :bpedagogía y teoría de la argumentación. Entrevista a Christian Plantin /cJorge Warley. 1aSanta Rosa :bInstituto de Análisis Semiótico del Discurso (IASED),c2011. a1 recurso en línea aSemestral atextobtxt2rdacontent/spa acomputadorabc2rdamedia/spa arecurso en líneabcr2rdacarrier/spa0 aVolumen 15, Números 1-2 (diciembre) (2011) - aTextos en español, resumen en español. aDescripción basada en recurso en línea; Título de la página del título en PDF (e-libro, visto January 30, 2014). aRecurso electrónico. Santa Fe, Arg.: e-libro, 2015. Disponible vía World Wide Web. El acceso puede estar limitado para las bibliotecas afiliadas a e-libro. 0aReasoningxStudy and teaching. 0aLinguistic. 4aLingüística. 4aArtículos electrónicos.0 tAnclajesx0329-38072 ae-libro, Corp.40uhttps://elibro.net/ereader/politecnicointernacional/31471 cLIBROS c76333d76333